MDQL
is popping MORE tags! Check the
thread
!
Quizzes
Events
Quiz Creation
Community
Videos
Private Events
Remove Ads
Sign In
Join for FREE
Feedback
Dark Mode
Quiz Categories
Sports
Geography
Music
Movies
Television
Just For Fun
Miscellaneous
History
Literature
Language
Science
Gaming
Entertainment
Religion
Holiday
For Kids
Quiz Lab
Recent
Popular Today
Quiz Kudos Today
Editor Picks
Curator Picks
Quizzes by...
Day
Popularity
Type
Ratings
Length
Year
Community
Subscriptions
Recent Discussions
Orange Saloon
Badges
Playlists
Quests
Create
Leaderboards
Showdown
Live 5
Trivia Bingo
Activity
Puzzle Library
Sporcle Events
Private Events
Virtual Trivia
Globe League
Become a Host
Pub Owners
SporcleCon
Opinionation
Our Games
Videos
Blog
Mobile Apps
Partnerships
Remove Ads and Go Orange
Feedback
Sports
Athletes
MLB
NBA
NHL
NFL
Soccer
Sports Teams
WWE
NCAA
Football
Premier League
Basketball
Baseball
Hockey
Golf
Tennis
Cricket
Rugby
Auto Racing
Olympics
World Cup
Sports
Athletes
MLB
NBA
NHL
NFL
Soccer
Sports Teams
WWE
NCAA
Football
Premier League
Basketball
Baseball
Hockey
Golf
Tennis
Cricket
Rugby
Auto Racing
Olympics
World Cup
Random Quiz
Search Sporcle
×
Quiz Lab
Quiz Lab
Sports
Auto Racing
Type in answers that appear in a list
Type in answers that appear in a list
Classic
Best Score? Go Orange.
F1 - Best British Drivers Stats
Can you name the Best British Formula 1 Drivers for every World Championship Season?
By
alvir28
2m
74 Questions
1,176 Plays
1,176 Plays
1,176 Plays
Comments
Comments
Give Quiz Kudos
Give Quiz Kudos
-
- Ratings
hide this ad
Replay
Link that replays current quiz
Next Quiz
Link to next quiz in quiz playlist
You Got
0%
They Got
Avg Score
84%
Avg Friend Score
Upgrade to see
Score Distribution
Jump to the score distribution portion of the page
Score
0/74
Timer
02:00
0
Plays Today
Season
Driver
% Correct
2023
Lewis Hamilton
100%
2021
Lewis Hamilton
98.7%
2007
Lewis Hamilton
98.6%
2008
Lewis Hamilton
98.6%
2010
Lewis Hamilton
98.6%
2012
Lewis Hamilton
98.6%
2013
Lewis Hamilton
98.6%
2014
Lewis Hamilton
98.6%
2015
Lewis Hamilton
98.6%
2016
Lewis Hamilton
98.6%
2017
Lewis Hamilton
98.6%
2018
Lewis Hamilton
98.4%
2019
Lewis Hamilton
98.3%
2020
Lewis Hamilton
98.1%
1993
Damon Hill
97.6%
1994
Damon Hill
97.6%
1995
Damon Hill
97.6%
1996
Damon Hill
97.6%
1962
Graham Hill
97.4%
1968
Graham Hill
97.4%
2004
Jenson Button
96.3%
2005
Jenson Button
96.3%
2006
Jenson Button
96.3%
2009
Jenson Button
96.3%
2011
Jenson Button
96.3%
1985
Nigel Mansell
96.1%
1986
Nigel Mansell
96.1%
1987
Nigel Mansell
96.1%
1989
Nigel Mansell
96.1%
1990
Nigel Mansell
96.1%
1991
Nigel Mansell
96.1%
1992
Nigel Mansell
96.1%
1969
Jackie Stewart
93.9%
1970
Jackie Stewart
93.9%
1971
Jackie Stewart
93.9%
1972
Jackie Stewart
93.9%
1973
Jackie Stewart
93.9%
Season
Driver
% Correct
2022
George Russell
93.4%
1997
David Coulthard
93%
1998
David Coulthard
93%
2000
David Coulthard
93%
2001
David Coulthard
93%
2002
David Coulthard
93%
2003
David Coulthard
93%
1974
James Hunt
92.4%
1975
James Hunt
92.4%
1976
James Hunt
92.4%
1977
James Hunt
92.4%
1963
Jim Clark
91.1%
1965
Jim Clark
91.1%
1967
Jim Clark
91.1%
1999
Eddie Irvine
87.9%
1955
Stirling Moss
87.2%
1956
Stirling Moss
87.2%
1957
Stirling Moss
87.2%
1960
Stirling Moss
87.2%
1961
Stirling Moss
87.2%
1952
Mike Hawthorn
85.6%
1953
Mike Hawthorn
85.6%
1954
Mike Hawthorn
85.6%
1958
Mike Hawthorn
85.6%
1964
John Surtees
84.6%
1966
John Surtees
84.6%
1978
John Watson
72.4%
1979
John Watson
72.4%
1980
John Watson
72.4%
1981
John Watson
72.4%
1982
John Watson
72.4%
1983
John Watson
72.4%
1959
Tony Brooks
62.7%
1984
Derek Warwick
54.8%
1988
Derek Warwick
54.8%
1951
Reg Parnell
34.2%
1950
Peter Whitehead
23.2%
Quiz Playlist
Details
Report
Send in Message
Add To Playlist
Classic:
Type in answers that appear in a list
Last Updated: Nov 26, 2023
Quiz Scoreboard
CHALLENGE
Sign Up to Join the Scoreboard
Show All
Scores
Hide
Comments
May contain spoilers
Recently Published
1-10 Letter E Words III
by El_Dandy
Language
2m
Street Fighter Characters
by Artimus82
Gaming
60s
College Basketball Coaching Resumes
by pancakes188
Sports
9m
More to Explore
Quiz From the Vault
Featured Blog Post
Where Did the Easter Bunny Come From?
hide this ad
You Might Also Like...
Tags
Auto Racing Quiz
British
Championship
Driver
formula
Formula 1
Today's Top Quizzes in Sports
Browse Sports
hide this ad
Today's Top Quizzes in Auto Racing
Browse Auto Racing
Top Contributed Quizzes in Sports
1
2022 World Cup Stars
2
Les meilleurs buteurs des matchs entre le PSG et l’OM
3
FIFA Club World Cup Champions
4
Les entraîneurs de l'OM et du PSG au 21e siècle
5
Criteria MLB: Left Handed Sluggers
6
2023 MLB Unique Player Accomplishments
7
AFC Teams Reveal (Wrong Answers Minefield)
8
Players with Multiple 50 Home Run Seasons
9
5-to-1: FBS Animal Nicknames
10
5-to-1: UK Sports Teams
Explore More
Trending Topics
Harry Potter
Marvel
Disney
Kpop
Anime
Crossword
NBA
Country
Song
The Office
NFL
Puzzle
WWE
Soccer
Pokémon
hide this ad
More By:
alvir28
Quiz
Plays
Rating
Category
Featured
Created
Formula One Constructors Champions
183,137
4.72
Sports
May 17, 2018
Find the Red Animals
121,605
4.81
Science
Jul 11, 2018
Countries with Multiple Grands Prix
107,208
4.68
Sports
May 24, 2017
Which State: US Landmarks
98,385
4.55
Geography
Oct 9, 2018
Find the Green Animals
96,712
4.74
Science
Jul 8, 2018
Go to Creator's Profile
Score Distribution
Quiz Creator Spotlight
alvir28
Follow
Send a Message
Quizzes Created
-
Created Quiz Play Count
-
More By This Creator
Popular Quizzes Today
1
Find the US States - No Outlines Minefield
2
Find the Countries of Europe - No Outlines Minefield
3
The Countries of the World
4
Find the US States
5
Risky Map Clicking: Biggest States A-Z
6
US States
7
Popular People in 1961
8
Movies - When Are They Set?
More Sports Quizzes
Arsenal's Best XI's FIFA 10 to EA Sports FC 24
Quiz Lab
Trending Quizzes
Risky Map Clicking: Least Populous States A-Z
1-10 Letter G Words
1-10 Letter F Words
Countries of the World: 200 Million BC
Risky Map Clicking: Next State Alphabetically
Recently Updated
Beyoncé Albums
pecheneg
Leaping Animals
pecheneg
Reality TV Shows (A-Z)
bhenderson79
Rickey Henderson's Hall of Fame Teammates
pecheneg
Champions League XIs: Arsenal
pecheneg
Quick Pick: Celebrities in WWE's Hall of Fame
aduchscher
A-Z Keypad Blitz II
pecheneg
Multiple Oscar Actors
pecheneg
Mystery Phrase Blitz: Oscar 'Best Actors'
pecheneg
F. Scott Fitzgerald Novels
LTH
Trending Topics
Crossword
Disney
Marvel
Anime
Kpop
NBA
Harry Potter
Country
Pokémon
Puzzle
WWE
Soccer
The Office
NFL
Song
Your Account Isn't Verified!
In order to create a playlist on Sporcle, you need to verify the email address you used during registration. Go to your
Sporcle Settings
to finish the process.
Report this User
Report this user for behavior that violates our
Community Guidelines
.
Details:
Send Report
Go to the Sporcle.com Mobile Site →
Comments